Social Housing Home Page (Record no. 119628)

MARC details
000 -LEADER
fixed length control field 00656cam a2200193 4500
001 - CONTROL NUMBER
control field WS108120
008 - FIXED-LENGTH DATA ELEMENTS--GENERAL INFORMATION
fixed length control field 000000n 000 0 eng u
035 ## - SYSTEM CONTROL NUMBER
System control number (Sirsi) u108120
245 ## - TITLE STATEMENT
Title Social Housing Home Page
520 ## - SUMMARY, ETC.
Summary, etc. Site covering social housing in the UK including a list of tenders, news, best practice articles and job adverts.
650 ## - SUBJECT ADDED ENTRY--TOPICAL TERM
Topical term or geographic name entry element SOCIAL HOUSING
650 ## - SUBJECT ADDED ENTRY--TOPICAL TERM
Topical term or geographic name entry element TENDERS
650 ## - SUBJECT ADDED ENTRY--TOPICAL TERM
Topical term or geographic name entry element BEST PRACTICE
650 ## - SUBJECT ADDED ENTRY--TOPICAL TERM
Topical term or geographic name entry element RESIDENTIAL
650 0# - SUBJECT ADDED ENTRY--TOPICAL TERM
Topical term or geographic name entry element JOB ADVERTISEMENTS
690 ## - LOCAL SUBJECT ADDED ENTRY--TOPICAL TERM (OCLC, RLIN)
Topical term or geographic name as entry element Affordable housing
9 (RLIN) 6215
856 40 - ELECTRONIC LOCATION AND ACCESS
Uniform Resource Identifier <a href="https://www.housingconnections.com/">https://www.housingconnections.com/</a>
Public note View the website free of charge at www.housingconnections.com/...
942 ## - ADDED ENTRY ELEMENTS (KOHA)
Suppress in OPAC 0
Holdings
Withdrawn status Lost status Source of classification or shelving scheme Damaged status Not for loan Home library Current library Shelving location Date acquired Total Checkouts Full call number Barcode Date last seen Copy number Price effective from Koha item type
    Dewey Decimal Classification     Virtual Virtual Online 01/09/2000   WEB SITE 108120-2001 06/08/2019 1 06/08/2019 Online material